| 000 | 00516nam a22001817a 4500 | ||
|---|---|---|---|
| 008 | 140521b xxu||||| |||| 00| 0 ger d | ||
| 020 | _a3486207113 | ||
| 041 | 0 | _ager | |
| 080 | _a510.6 | ||
| 100 | _aKaaz, M. Albert. | ||
| 245 |
_aElemente der mathematischen Logik : _cvon M. Albert Kaaz. |
||
| 260 |
_aMünchen : _bOldenbourg, _c1977. |
||
| 300 |
_a243 f.: _bme il.; _c24 cm. |
||
| 500 | _aVorwort: [5[-7 | ||
| 650 | 0 | _2Matematika | |
| 650 | 0 | _2Logjika | |
| 942 |
_2udc _cBK |
||
| 999 |
_c456 _d456 |
||